| 000 | 00434nam a22001697a 4500 | ||
|---|---|---|---|
| 008 | 150601b xxu||||| |||| 00| 0 eng d | ||
| 020 | _a9780071780971 | ||
| 041 | 0 | _aeng | |
| 080 | _a519.2 | ||
| 100 | 1 | _aBluman, Allan G., | |
| 245 | 1 | 0 |
_aProbability DeMYSTiFieD / _cAllan G. Bluman. |
| 250 | _aSecond edition. | ||
| 300 |
_a245 f. : _bme il. ; _c23 cm. |
||
| 490 | 0 | _aDeMYSTiFieD Series | |
| 650 | 0 | _aProbabiliteti | |
| 942 |
_2udc _cBK |
||
| 999 |
_c957 _d957 |
||